000 01924nam a2200433 c 4500
999 _c126217
_d126217
003 BLK
005 20250210174303.0
008 180409b bul|||||r ||||||| ||bul||
010 _aKNG00131898000
020 _a978-954-320-276-8
040 _aBLK
041 _aBUL
_cBUL
072 7 _2bullib
_aН82
_xЛитературознание Н
080 _aАмериканска литература (на САЩ)
_b821.111(73)
_x(092)
_z821.111(73)(092)
080 _aАмерикански писател и журналист
_b929 Хемингуей, Ърнест
_z929 Хемингуей, Ърнест
100 1 _aМайерс, Джефри
_eпърви автор
_9319934
139 _aМайерс, Джефри
_bХ 41
245 1 0 _aХемингуей
_bБиогр.
_cДжефри Майерс ; прев. от англ. Евгения Бранкова, Емил Моле.
257 _aUSA
260 _bРива
_c2010
_fВ. Търново : Абагар
300 _a704 с., 8 л.
_bил.
_c21 см
380 _a82
500 _aОриг. загл. Hamingway / Jeffrey Meyers. - Съдържа: Хронология на злополуки и заболявания ; Хронология на пътувания в чужбина.
600 1 4 _aХемингуей, Ърнест
_9367561
650 4 _aПисатели, американски - биографии
_9271024
653 _aамерикански писатели
653 _aбиографии
653 _aЪрнест Хемингуей
659 _aН
700 1 _aБранкова, Евгения
_eпрев. от англ.
_9319935
700 1 _aМоле, Емил
_eпрев. от англ.
_998666
852 _aЦб 255656
856 4 _qpdf
856 4 _qpdf
942 _cKNG
_n0
_015
944 _aCR
_c03.07.2012
_k30531
_lЦветелина Шанова
944 _aED
_c2018-08-08
999 _d126217